Kutlu dağ/ (Record no. 22696)
| 000 -BAŞLIK | |
|---|---|
| Sabit Uzunluktaki Kontrol Alanı | 02012nam a22003497a 4500 |
| 001 - KONTROL NUMARASI | |
| Control Dosyası | 0022740 |
| 003 - KONTROL NUMARASI KİMLİĞİ | |
| Kontrol Alanı | KOHA_MİRAKIL |
| 005 - EN SON İŞLEM TARİHİ ve ZAMANI | |
| Kontrol Alanı | 20260207002352.0 |
| 007 - FİZİKSEL TANIM SABİT ALAN - GENEL BİLGİ | |
| Sabit uzunluklu kontrol alanı | ta |
| 008 - SABİT UZUNLUKTAKİ VERİ ÖGELERİ - GENEL BİLGİ | |
| Sabit Alan | 101011b2009 tu |||gr||||#0|||1|tur | |
| 020 ## - ISBN - ULUSLARARASI STANDART KİTAP NUMARASI | |
| Isbn | 9789754377415 |
| 040 ## - KATALOGLAMA KAYNAĞI | |
| Özgün Kataloglama Kurumu | TR-BiSEU |
| Kataloglama Dili | tur |
| Çeviri Kurumu | TR-BiSEU |
| Açıklama Kuralları | rda |
| 041 0# - DİL KODU | |
| Metin ya da ses kaydının dil kodu | tur |
| 044 ## - YAYINLAYAN/ÜRETEN KURULUŞUN ÜLKE KODU | |
| ISO country code | tu |
| 050 ## - SINIFLAMA ve YER NUMARASI | |
| Sınıflama Numarası | PL248.B89 |
| Yer Numarası | K88 2009 |
| 100 1# - KİŞİ ADI | |
| Yazar Adı (Kişi adı) | Büyükarkın, Bekir. |
| 245 1# - ESER ADI BİLDİRİMİ | |
| Başlık | Kutlu dağ/ |
| Sorumluluk Bildirimi | Bekir Büyükarkın ; Bekir Büyükarkın. |
| 264 #1 - ÜRERİM, YAYIN, DAĞITIM ve TELİF BİLDİRİMİ | |
| Yayın yeri | İstanbul : |
| Yayınlayan | Ötüken Neşriyat |
| Yayın tarihi | 2009 |
| 300 ## - FİZİKSEL TANIMLAMA | |
| Sayfa, Cilt vb. | 421 sayfa ; |
| Boyutları | 21 cm. |
| 336 ## - İÇERİK TÜRÜ | |
| Content type term | metin |
| Content type code | txt |
| Source | rdacontent |
| 337 ## - MEDYA TÜRÜ | |
| Media type term | aracısız |
| Media type code | n |
| Source | rdamedia |
| 338 ## - TAŞIYICI TÜRÜ | |
| Carrier type term | cilt |
| Carrier type code | nc |
| Source | rdacarrier |
| 490 1# - DİZİ BİLDİRİMİ | |
| Dizi Bildirimi | Ötüken yayın no ; |
| Cilt Numarası | 787. |
| 490 1# - DİZİ BİLDİRİMİ | |
| Dizi Bildirimi | Edebi eserler ; |
| Cilt Numarası | 334 |
| 505 ## - İÇİNDEKİLER NOTU | |
| İçindekiler Notu | "Vaktiyle, yıllar önce Türk illerinde, Uygur ülkelerinde bir (Kutlu Dağ) varmış. Kutlu Dağ, bir kaya yığını imiş. Türk'ün mutluluğunu, beraberliğini başarısını sağlarmış. Kutlu Dağ sağlam, Kutlu Dağ sert, Kutlu Dağ kolay kolay yıkılmazmış. |
| 650 #0 - KONU BAŞLIĞI EK GİRİŞ - KONU TERİMİ | |
| Konusal terim veya coğrafi ad | Türk edebiyatı--roman. |
| 9 (RLIN) | 7421 |
| 650 #0 - KONU BAŞLIĞI EK GİRİŞ - KONU TERİMİ | |
| Konusal terim veya coğrafi ad | Turkish literature--fiction. |
| 9 (RLIN) | 7422 |
| 830 1# - SERİ EK GİRİŞİ - TEKBİÇİM ESER ADI | |
| Tekbiçim Başlık | Ötüken yayın no ; |
| Volume number/sequential designation | 787. |
| 9 (RLIN) | 12230 |
| 830 1# - SERİ EK GİRİŞİ - TEKBİÇİM ESER ADI | |
| Tekbiçim Başlık | Edebi eserler ; |
| Volume number/sequential designation | 334 |
| 9 (RLIN) | 7086 |
| 907 ## - LOCAL DATA ELEMENT G, LDG (RLIN) | |
| a | Roman |
| 942 ## - EK GİRİŞ ÖGELERİ (KOHA) | |
| Source of classification or shelving scheme | Library of Congress Classification |
| Koha item type | Book |
| 505 ## - İÇİNDEKİLER NOTU | |
| -- | |
| -- | Onu yağmurlar, fırtınalar, kavurucu güneş bile eritip parçalayamazmış. Ama çok evvelleri Kutlu Dağ'a gelmeden önceleri, belki de onbinlerce yıl evvel, insanlar, yalnızlık ve korku içinde yaşarlarmış. Yaşama sevinci ve arzusuyla birlikte geleceğe bir şeyler bırakma isteği de doğmuş insanların içinde. Sığınacak bir varlık, bir inanç aramış o insanlar yıllarca." |
| -- | |
| -- | Selçuklu tarih sahnesinden çekilirken, yeni Kutlu Dağ'ı Söğüt'te bulan Kayı erleri ve bacıları bütün varlıklarıyla bir hedefe kilitlenmişlerdi: "İl"i ve "töre"yi yaşatmak... |
| -- | |
| -- | Bu roman "Devlet-i ebed müddet" fikrini kuvvetlendiren bir yenilenmeyi, Osman Gazi öncülüğünde verilen mücadeleyi anlatıyor. |
| -- | |
| Materyal Türü | Kalıcı Konum | Mevcut Konum | Raf Yeri | Sınıflandırma Kaynağı | Edinim Bilgisi | Ana Konular | Alt Konular | Yer Numarası | Demirbaş Numarası | Fatura Tarihi | Maliyet, Alış Fiyatı | Maliyet, Yenileme Fiyatı | Geri Çekilme Durumu | Kayıp Durumu | Hasarlı Durumu | Kredi için değil | Kayıt Tarih | Toplam Ödünçverme | Son Görülme Tarihi | Son Kontrol Tarihi | Genel / Bağış Notu |
|---|---|---|---|---|---|---|---|---|---|---|---|---|---|---|---|---|---|---|---|---|---|
| Book | Prof. Dr. Azmi Özcan Kütüphanesi | Prof. Dr. Azmi Özcan Kütüphanesi | Birûni Salonu | Library of Congress Classification | Bağış | DİL VE EDEBİYAT | Doğu Asya, Afrika, Okyanusya Dilleri ve Edebiyatları | PL248.B89 K88 2009 | 0022740 | 02/02/2026 | 15.00 | 15.00 | 11/10/2010 | 10 | 05/12/2024 | 05/12/2024 | Ötüken Yayınevi |
